<?xml version="1.0" encoding="UTF-8"?>
<collection xmlns="http://www.loc.gov/MARC21/slim">
  <record>
    <leader>00000nam  2200000   4500</leader>
    <controlfield tag="001">INLIS000000000019641</controlfield>
    <controlfield tag="005">20250326095908</controlfield>
    <datafield tag="035" ind1="#" ind2="#">
      <subfield code="a">0010-0325000132</subfield>
    </datafield>
    <controlfield tag="007">ta</controlfield>
    <controlfield tag="008">250326################g##########0#eng##</controlfield>
    <datafield tag="020" ind1="#" ind2="#">
      <subfield code="a">0 631 15776 X</subfield>
    </datafield>
    <datafield tag="082" ind1="#" ind2="#">
      <subfield code="a">428.409</subfield>
    </datafield>
    <datafield tag="084" ind1="#" ind2="#">
      <subfield code="a">428.409 OAK b</subfield>
    </datafield>
    <datafield tag="100" ind1=" " ind2="#">
      <subfield code="a">Oakhill, Jane</subfield>
    </datafield>
    <datafield tag="245" ind1="1" ind2="#">
      <subfield code="a">Becoming a Skilled Reader /</subfield>
      <subfield code="c">Jane Oakhill &amp; Alan Garnham</subfield>
    </datafield>
    <datafield tag="250" ind1="#" ind2="#">
      <subfield code="a">Cetakan ke 1</subfield>
    </datafield>
    <datafield tag="260" ind1="#" ind2="#">
      <subfield code="a">Oxford :</subfield>
      <subfield code="b">Basil Blackwell,</subfield>
      <subfield code="c">1988</subfield>
    </datafield>
    <datafield tag="300" ind1="#" ind2="#">
      <subfield code="a">206 halaman :</subfield>
      <subfield code="b">ilus ;</subfield>
      <subfield code="c">23 cm</subfield>
    </datafield>
    <datafield tag="650" ind1="#" ind2="4">
      <subfield code="a">Bahasa Inggris</subfield>
    </datafield>
    <datafield tag="650" ind1="#" ind2="4">
      <subfield code="a">Reading</subfield>
    </datafield>
    <datafield tag="700" ind1=" " ind2="#">
      <subfield code="a">Alan Garnham</subfield>
    </datafield>
    <datafield tag="520" ind1="#" ind2="#">
      <subfield code="a">A child must be able to do more than decode single words to become a skilled or fluent reader. This book explores the psychology of that process. Although it includes a summary of how children learn to read words, it concentrates on the development of reading comprehension. A distinction is made between the problems of poor word decoding and poor comprehension in children. The authors analyse both the skills of fluent adult readers and the development of children's language from the age of five when most are starting to read. Against this background they survey psychological research into the way children understand text, and discuss the differences between good and poor comprehenders. The book concludes with a chapter on the educational implications of this research, which discusses how comprehension problems can be identified, and how professional aids, training and remediation can help.</subfield>
    </datafield>
    <datafield tag="990" ind1="#" ind2="#">
      <subfield code="a">22158</subfield>
    </datafield>
  </record>
</collection>
